| 000 | 00818nam a2200241 a 4500 | ||
|---|---|---|---|
| 001 | 000007249 | ||
| 005 | 20200929154117.0 | ||
| 008 | 090907s2001 dr 000 0 spa d | ||
| 040 |
_aDO-SdBNP _bspa _cBNPHU |
||
| 082 |
_a617.96 _bS133m |
||
| 100 | 1 |
_aSaint-Amand, Luis _920117 |
|
| 245 | 1 | 0 |
_aManual práctico de anestesiología / _cLuis Saint-Amand, Esther Villegas. |
| 260 |
_aSanto Domingo : _bEl siglo, _c2001. |
||
| 300 |
_a139 p. ; _c23 cm. |
||
| 500 | _aIncluye datos biográficos del autor en la contracubierta. | ||
| 504 | _aBibliografía : p. 139 | ||
| 590 | _aInventariado,2018/DG | ||
| 650 | 4 |
_aAnestesiología _920118 |
|
| 650 | 4 |
_aAnestesia _xManuales _920119 |
|
| 650 | 4 |
_aAnestésicos _xAdministración _920120 |
|
| 700 | 1 | 2 |
_aVillegas, Esther _920121 |
| 910 | _aValidado. Control de calidad. MMOLINA | ||
| 999 |
_c7030 _d7030 |
||